| 000 | 01092nam a22002057a 4500 | ||
|---|---|---|---|
| 999 |
_c63326 _d63326 |
||
| 003 | Ge_BSU | ||
| 005 | 20250915165241.0 | ||
| 008 | 250915s2025 ge ||||| |||| 00| 0 geo d | ||
| 020 | _a9789941339653 | ||
| 041 | _ageo | ||
| 080 | _a821.112.2.03=353.1 შ-60 | ||
| 100 |
_aშვიტტერსი, კურტ _925815 |
||
| 245 |
_aანნა ყვავილს და სხვა ლექსები = An Anna Blume und andere Gedichte / _cკურტ შვიტტერსი; გერმანულიდან თარგმნა დათო ბარბაქაძემ. |
||
| 264 |
_aთბილისი : _bუნივერსალი, _c2025. |
||
| 300 |
_a52 გვ. ; _b20 სმ. |
||
| 500 | _aლექსები ქართულ და გერმანულ ენებზე. | ||
| 653 | _aგერმანული პოეზია -- თარგმანები ქართულ ენაზე. | ||
| 700 |
_aბარბაქაძე, დათო _eმთარგმნელი _925816 |
||
| 942 |
_2udc _cᲬᲘᲒᲜᲘ |
||